000 00662nam a2200277Ia 4500
005 20260324124445.0
008 008 260324s9999 xx 000 0 eng d
020 _a9781315132914
037 _aEBOOK
040 _aCRL
040 _beng
040 _cCRL
041 _2eng
041 _aeng
084 _qCRL
100 _aGunter Bischof
_91174230
245 4 _aThe Life and Death of Trade Unionism in the USSR, 1917-1928
260 _bTaylor and Francis
260 _c2010
365 _a
365 _b230
856 _uhttp://www.taylorfrancis.com/books/9781315132914
942 _cEBOOK
999 _c1768617
_d1768617